Contemporary Topics in Islamic Medicine (Record no. 351473)

000 -LEADER
fixed length control field 00493nam a22001817a 4500
003 - CONTROL NUMBER IDENTIFIER
control field OSt
005 - DATE AND TIME OF LATEST TRANSACTION
control field 20180116183047.0
008 - FIXED-LENGTH DATA ELEMENTS--GENERAL INFORMATION
fixed length control field 160721b xxu||||| |||| 00| 0 eng d
020 ## - INTERNATIONAL STANDARD BOOK NUMBER
International Standard Book Number 9960260119
040 ## - CATALOGING SOURCE
Transcribing agency 0
082 ## - DEWEY DECIMAL CLASSIFICATION NUMBER
Classification number 214.61 ALB 1995
100 ## - MAIN ENTRY--PERSONAL NAME
Personal name Dr. Isam Ghanem
245 ## - TITLE STATEMENT
Title Contemporary Topics in Islamic Medicine
Statement of responsibility, etc. Dr. Isam Ghanem
260 ## - PUBLICATION, DISTRIBUTION, ETC.
Place of publication, distribution, etc. Jeddah
Name of publisher, distributor, etc. Saudi Publishing
Date of publication, distribution, etc. 1995
300 ## - PHYSICAL DESCRIPTION
Extent 175 p.
Other physical details PB
440 ## - SERIES STATEMENT/ADDED ENTRY--TITLE
Title Contemporary Topics in Islamic Medicine
942 ## - ADDED ENTRY ELEMENTS (KOHA)
Source of classification or shelving scheme
Koha item type Book
Holdings
Withdrawn status Lost status Source of classification or shelving scheme Damaged status Not for loan Collection code Permanent Location Current Location Shelving location Date acquired Total Checkouts Full call number Barcode Date last seen Price effective from Koha item type
            Central Library (CL) Central Library (CL) General Stacks 07/21/2016   214.61 ALB 1995 NBSD-2624 02/14/2020 07/21/2016 Book
© 2023 Central Library, National University of Sciences and Technology. All Rights Reserved.